00385ntaaa2200157 45000030003000000050017000030080021000200400037000410820017000781000017000952450021001122500010001332600059001433000010002026500015002120120251027201716.00714s1973 ag 01  aAR-BaBNbspacAR-BaBNeaacrdRIC a234.0000 H55 aHills, A.M.  aSantidad y poder a1 ed. aKansas City : bCasa Nazarena de Publicaciones, cn.f. a255 p ateología